000
00231 a2200097 4500
001
51485
100
_a
Welch H J
245
_a
Tranamerica Delaval Engineering Handbook
260
_a
New York
_b
John Wiley
_c
090
_c
32609
_d
32609
942
_a
NUST-CAE
_c
M
_c
25124
999
_c
286558
_d
286558